Municipios de Atlántico - Estadísticas

Estadísticas generales
  • Esta prueba ha sido intentada 824 veces
  • La puntuación promedio es 15 de 23
Respuestas en el mapa
Las respuestas están codificadas por una escala verde-roja en el mapa de la prueba según el % correcto abajo.
 
Estadísticas de respuestas
Respuesta % Correcto
BARRANQUILLA
99%
SOLEDAD
95%
PUERTO COLOMBIA
86%
MALAMBO
83%
SABANALARGA
82%
SABANAGRANDE
77%
GALAPA
70%
SANTO TOMAS
68%
BARANOA
67%
SUAN
62%
PIOJO
61%
PONEDERA
61%
USIACURI
61%
REPELON
59%
JUAN DE ACOSTA
58%
SANTA LUCIA
57%
LURUACO
56%
PALMAR DE VARELA
54%
CAMPO DE LA CRUZ
53%
TUBARA
53%
MANATI
51%
CANDELARIA
46%
POLONUEVO
44%
No se encontraron pruebas coincidentes
Distribución de puntuación
Porcentaje de gente con cada puntuación
Porcentaje por número respondido
Historial de tus puntuaciones
No has intentado esta prueba.